على حافة العالم الأثيري : (رقم التسجيلة. 404)
[ عرض عادي ]
| 000 -LEADER | |
|---|---|
| fixed length control field | 00699nam a22002177a 4500 |
| 005 - DATE AND TIME OF LATEST TRANSACTION | |
| control field | 20251108163339.0 |
| 008 - FIXED-LENGTH DATA ELEMENTS--GENERAL INFORMATION | |
| fixed length control field | 250721s1954 xx 000 0 ara d |
| 082 14 - DEWEY DECIMAL CLASSIFICATION NUMBER | |
| Classification number | 133.9/فند |
| 100 1# - MAIN ENTRY--PERSONAL NAME | |
| Personal name | فندلاي، ج. آرثر |
| 245 10 - TITLE STATEMENT | |
| Title | على حافة العالم الأثيري : |
| Remainder of title | أو الحياة بعد الموت تفسير تفسيراً علمياً / |
| 250 ## - EDITION STATEMENT | |
| Edition statement | ط2 |
| 264 1# - PRODUCTION, PUBLICATION, DISTRIBUTION, MANUFACTURE, AND COPYRIGHT NOTICE | |
| Place of production, publication, distribution, manufacture | بيروت : |
| Name of producer, publisher, distributor, manufacturer | دار يوسف، |
| Date of production, publication, distribution, manufacture, or copyright notice | 1954. |
| 300 ## - PHYSICAL DESCRIPTION | |
| Extent | 206 ص : مص |
| 650 17 - SUBJECT ADDED ENTRY--TOPICAL TERM | |
| Topical term or geographic name as entry element | الروحانية |
| 650 17 - SUBJECT ADDED ENTRY--TOPICAL TERM | |
| Topical term or geographic name as entry element | الروح |
| 650 17 - SUBJECT ADDED ENTRY--TOPICAL TERM | |
| Topical term or geographic name as entry element | السحر والتنجيم |
| 650 17 - SUBJECT ADDED ENTRY--TOPICAL TERM | |
| Topical term or geographic name as entry element | الوفاة |
| 700 1# - ADDED ENTRY--PERSONAL NAME | |
| Personal name | أبو الخير، أحمد فهمي |
| Relator term | ترجمة |
| 942 ## - ADDED ENTRY ELEMENTS (KOHA) | |
| Source of classification or shelving scheme | Dewey Decimal Classification |
| Koha item type | كتب |
| حالة السحب | حالة الفقدان | مصدر التصنيف | حالة التلف | غير قابل للإعارة | المكتبة الرئيسية | المكتبة الحالية | موقع الرف | تاريخ التزويد | الرقم المتسلسل | Total Checkouts | رقم الإستدعاء | تاريخ آخر ظهور | تاريخ الفاتورة | نوع المادة (كوها) | الباركود |
|---|---|---|---|---|---|---|---|---|---|---|---|---|---|---|---|
| Dewey Decimal Classification | Unchecked | مكتبة أم قصير والمقابلين العامة | مكتبة أم قصير والمقابلين العامة | الإعارة | 12/07/2004 | 5746 | 133.9/فند | 28/07/2025 | 12/07/2004 | كتب | |||||
| Dewey Decimal Classification | مكتبة الأميرة سلمى | مكتبة الأميرة سلمى | الإعارة | 02/07/2015 | 1469563 | 133.9/فند | 28/07/2025 | 02/07/2015 | كتب | PLD00335414 | |||||
| Dewey Decimal Classification | Unchecked | مكتبة الجويدة | مكتبة الجويدة | الإعارة | 12/07/2004 | 7197 | 133.9/فند | 28/07/2025 | 12/07/2004 | كتب | |||||
| Dewey Decimal Classification | Unchecked | مكتبة الحسن العامة | مكتبة الحسن العامة | الإعارة | 12/07/2004 | 11930 | 133.9/فند | 28/07/2025 | 12/07/2004 | كتب | |||||
| Dewey Decimal Classification | Unchecked | مكتبة وادي السير العامة | مكتبة وادي السير العامة | الإعارة | 12/07/2004 | 8228 | 133.9/فند | 28/07/2025 | 12/07/2004 | كتب |